| 000 | 00974cam a22002894a 4500 | ||
|---|---|---|---|
| 999 |
_c41766 _d41766 |
||
| 001 | 15992286 | ||
| 003 | OSt | ||
| 005 | 20221108155421.0 | ||
| 008 | 091121s2009 enka b 001 0 eng | ||
| 010 | _a 2009497289 | ||
| 020 | _a9780854041251 | ||
| 040 |
_aDLC _cDLC |
||
| 050 | 0 | 0 |
_aQH506 _b.M6614 2009 |
| 082 |
_a574.88 _bWAL/M |
||
| 245 | 0 | 0 |
_aMolecular biology and biotechnology / _cedited by John M. Walker, Ralph Rapl[e]y. |
| 250 | _a5th ed. | ||
| 260 |
_aCambridge : _bRoyal Society of Chemistry, _cc2009. |
||
| 300 |
_axix, 604 p. : _bill. (some col.) ; _c24 cm. |
||
| 504 | _aIncludes bibliographical references and index. | ||
| 650 | 0 | _aMolecular biology. | |
| 650 | 0 | _aBiotechnology. | |
| 700 | 1 |
_aWalker, John M., _d1948- |
|
| 700 | 1 | _aRapley, Ralph. | |
| 906 |
_a7 _bcbc _corigcop _d2 _encip _f20 _gy-gencatlg |
||
| 942 |
_2ddc _cBK _h574.88 _iWAL/M _k574.88 _mWAL/M |
||